| 000 | 00657nam a2200205Ia 4500 | ||
|---|---|---|---|
| 001 | 12856 | ||
| 003 | GE_BSU | ||
| 008 | 181216s||||||||xx |||||||||||||| ||und|| | ||
| 040 | _cGE_BSU | ||
| 080 | _a631.6 | ||
| 100 | _aБитюков,К.К. | ||
| 245 | _aОрошение сельскохозяйственных культур в степных районах | ||
| 245 | _cРед.В.М.Самсонова | ||
| 260 | _aМосква | ||
| 260 | _bКолос | ||
| 260 | _c1965 | ||
| 300 | _a199стр.илл.20см. | ||
| 653 | _aОрошение сельскохозяйственных культур в степных районах | ||
| 942 | _cBK | ||
| 999 |
_c46026 _d46026 |
||